Tyske Delstater - Statistics

General Stats
  • This quiz has been taken 161 times
  • The average score is 8 of 16
Answers on the Map
Answers color-coded by a green-red scale on the quiz's map according to % correct below.
 
Answer Stats
Delstat % Correct
Berlin
96%
Hamburg
83%
Bayern
79%
Bremen
68%
Niedersachsen
60%
Brandenburg
57%
Sachsen
54%
Hessen
51%
Saarland
50%
Thüringen
46%
Mecklenburg-Vorpommern
43%
Baden-Württemberg
37%
Slesvig-Holsten
35%
Nordrhein-Westfalen
29%
Rheinland-Pfalz
28%
Sahsen-Anhalt
5%
No matching quizzes found
Score Distribution
Percent of People with Each Score
Percentile by Number Answered
Your Score History
You have not taken this quiz